000 00561nam a2200181Ia 4500
008 090124s9999 xx 000 0 und d
082 _b112928
100 _aकालेलकर मधुसूदन
245 _a हे फूल चंदनाचे
250 _a1
260 _c1969
300 _a113
600 _aकालेलकर मधुसूदन
630 _a हे फूल चंदनाचे
700 _aकालेलकर मधुसूदन
730 _a हे फूल चंदनाचे
942 _cBOOK
999 _c159019
_d159019